000 00272nam a22001217a 4500
082 _a823
_bGOP/S
100 _aNAIR, GOPALAN V
245 _aTHE STORY OF MAHABARATA
260 _aDELHI
_bORIENT LONGMAN
_c1968
300 _a128
650 _aENGLISH STORY
_zINDIA
942 _cBK
999 _c7389
_d7389